00388 2200157 4500245006500000020002200065250001000087100001900097650001200116005001900128260003700147041001400184084000800198300001500206336000900221 aAljabar Linear Dasar b : Edisi KeduacMahmud 'ImronahText a978-602-241-155-0 aEd. 2 aMahmud 'Imrona aAljabar a20230120110631 aJakartabPenerbit Erlanggac2013 aIndonesia a512 a167 hlm. : atext